[Event "Czech Open Rapid 2019"]
[Site "Pardubice"]
[Date "2019.07.18"]
[Round "4.10"]
[White "Piesik, Piotr"]
[Black "Peng, Li Min"]
[Result "1/2-1/2"]
[WhiteElo "2332"]
[BlackElo "2455"]
[Annotator "ChessBase"]
[PlyCount "32"]
[EventDate "2019.07.17"]
[EventType "swiss"]
[EventCountry "CZE"]
[SourceTitle "playchess.com"]
[Source "ChessBase"]
[SourceQuality "1"]

1. Nf3 Nf6 2. g3 g6 3. Bg2 Bg7 4. O-O O-O 5. d4 d5 6. c4 dxc4 7. Na3 Nc6 8. Nxc4 Be6 9. Nce5 Bd5 10. Bf4 a5 11. Nxc6 Bxc6 12. Be5 Qb8 13. Rc1 Rd8 14. Nd2 Bxg2 15. Kxg2 Ne8 16. Bxg7 Kxg7 1/2-1/2

[Event "Czech Open Rapid 2019"]
[Site "Pardubice"]
[Date "2019.07.18"]
[Round "4.10"]
[White "Turner, Jan"]
[Black "Sreyas Payyappat"]
[Result "1-0"]
[WhiteElo "2330"]
[BlackElo "2072"]
[Annotator "TA"]
[PlyCount "51"]
[EventDate "2019.07.17"]
[EventType "swiss"]
[EventCountry "CZE"]
[SourceTitle "playchess.com"]
[Source "ChessBase"]
[SourceQuality "1"]

1. b3 d5 2. Bb2 c5 3. e3 Nc6 4. Bb5 a6 5. Bxc6+ bxc6 6. d3 Nf6 7. f4 Bf5 8. Nf3 e6 9. O-O Bd6 10. Nbd2 O-O 11. Qe1 Bg6 12. Ne5 Qb6 13. Kh1 Be7 14. Ndf3 Rac8 15. Ng5 Rfd8 16. Nxg6 hxg6 17. Qh4 c4 18. Rf3 cxd3 19. cxd3 Qa5 20. Rh3 Nh5 21. g4 Qd2 22. gxh5 Qxb2 23. hxg6 Qxa1+ 24. Kg2 Qb2+ 25. Kf3 Bxg5 26. Qh8# 1-0

[Event "Czech Open Rapid 2019"]
[Site "Pardubice"]
[Date "2019.07.18"]
[Round "4.11"]
[White "Biolek, Richard Jr."]
[Black "Zanan, Evgeny"]
[Result "1/2-1/2"]
[WhiteElo "2344"]
[BlackElo "2446"]
[Annotator "NA"]
[PlyCount "61"]
[EventDate "2019.07.17"]
[EventType "swiss"]
[EventCountry "CZE"]
[SourceTitle "playchess.com"]
[Source "ChessBase"]
[SourceQuality "1"]

1. e4 c5 2. Nf3 d6 3. d4 cxd4 4. Nxd4 Nf6 5. Nc3 a6 6. Be3 e5 7. Nde2 Be6 8. f4 Ng4 9. Bg1 exf4 10. Nxf4 Ne5 11. Nxe6 fxe6 12. Qh5+ g6 13. Qh3 Qe7 14. Ne2 Nbc6 15. Nf4 Nb4 16. O-O-O Nxa2+ 17. Kb1 Nb4 18. Qxe6 Qxe6 19. Nxe6 Ke7 20. Nxf8 Rhxf8 21. c3 Nbc6 22. g3 Nd8 23. Be2 Ne6 24. Be3 Rac8 25. Rd5 Nc5 26. Bxc5 Rxc5 27. Rf1 Rxf1+ 28. Bxf1 Rxd5 29. exd5 Nf3 30. Bh3 b6 31. Bc8 1/2-1/2

[Event "Czech Open Rapid 2019"]
[Site "Pardubice"]
[Date "2019.07.18"]
[Round "4.12"]
[White "Dvoirys, Semen"]
[Black "Panesso Rivera, Henry"]
[Result "1-0"]
[WhiteElo "2412"]
[BlackElo "2377"]
[Annotator "NA"]
[PlyCount "67"]
[EventDate "2019.07.17"]
[EventType "swiss"]
[EventCountry "CZE"]
[SourceTitle "playchess.com"]
[Source "ChessBase"]
[SourceQuality "1"]

1. e4 c5 2. Nf3 e6 3. d4 cxd4 4. Nxd4 Nc6 5. Nc3 Qc7 6. Be3 a6 7. Bd3 Nf6 8. O-O d6 9. f4 Bd7 10. Qf3 Nxd4 11. Bxd4 Bc6 12. Kh1 h5 13. Bxf6 gxf6 14. f5 Be7 15. fxe6 fxe6 16. Bc4 Bd7 17. Bb3 O-O-O 18. Qh3 d5 19. exd5 e5 20. Qd3 f5 21. Rxf5 Bxf5 22. Qxf5+ Kb8 23. Ne4 Rh6 24. c4 Rf8 25. Qh3 Bc5 26. Re1 Bd4 27. Qd3 Qg7 28. Bd1 Rg6 29. Bf3 h4 30. h3 Rg3 31. Nxg3 Qxg3 32. Re2 Rf4 33. d6 Kc8 34. Qh7 1-0

[Event "Czech Open Rapid 2019"]
[Site "Pardubice"]
[Date "2019.07.18"]
[Round "4.13"]
[White "Bogdanov, Egor"]
[Black "Rakshitta, Ravi"]
[Result "1-0"]
[WhiteElo "2407"]
[BlackElo "1708"]
[Annotator "NA"]
[PlyCount "65"]
[EventDate "2019.07.17"]
[EventType "swiss"]
[EventCountry "CZE"]
[SourceTitle "playchess.com"]
[Source "ChessBase"]
[SourceQuality "1"]

1. e4 e5 2. d4 exd4 3. Nf3 Nc6 4. c3 d5 5. Bd3 dxc3 6. exd5 cxb2 7. Bxb2 Bb4+ 8. Nc3 Qe7+ 9. Kf1 Bg4 10. dxc6 O-O-O 11. Qc2 Nh6 12. h3 Be6 13. cxb7+ Kb8 14. Ne5 Rd6 15. Nb5 f6 16. Nxd6 fxe5 17. Nf5 Bxf5 18. Bxf5 Rf8 19. g4 g6 20. Be4 Nf7 21. Bc1 Bc5 22. Be3 Bxe3 23. fxe3 Ng5+ 24. Kg2 Qb4 25. Bd5 e4 26. Rhf1 Rd8 27. Rad1 h5 28. Bc6 Rh8 29. Qd2 Qe7 30. Qd7 Qxd7 31. Rxd7 hxg4 32. hxg4 Nf3 33. Bxe4 1-0

[Event "Czech Open Rapid 2019"]
[Site "Pardubice"]
[Date "2019.07.18"]
[Round "4.14"]
[White "Zilka, Stepan"]
[Black "Burdalev, Kirill"]
[Result "1-0"]
[WhiteElo "2537"]
[BlackElo "2357"]
[Annotator "ChessBase"]
[PlyCount "81"]
[EventDate "2019.07.17"]
[EventType "swiss"]
[EventCountry "CZE"]
[SourceTitle "playchess.com"]
[Source "ChessBase"]
[SourceQuality "1"]

1. d4 Nf6 2. c4 e6 3. Nf3 d5 4. g3 Be7 5. Bg2 O-O 6. O-O dxc4 7. Qc2 a6 8. a4 Bd7 9. Qxc4 Bc6 10. Bf4 Bd6 11. Nc3 Nbd7 12. b4 Nd5 13. Bg5 f6 14. Bd2 N7b6 15. Qb3 Qe7 16. b5 axb5 17. Nxb5 f5 18. Rfc1 Nd7 19. a5 Kh8 20. a6 Bxb5 21. Qxb5 bxa6 22. Rxa6 Rxa6 23. Qxa6 c5 24. Bg5 N5f6 25. Rd1 h6 26. Be3 Nd5 27. Nh4 Kh7 28. Bxd5 exd5 29. dxc5 Nxc5 30. Bxc5 Bxc5 31. Qg6+ Kh8 32. Nxf5 Qa7 33. e3 Rf6 34. Qe8+ Rf8 35. Qe5 Qf7 36. Rxd5 Ba7 37. Ra5 Bb8 38. Qd5 Qf6 39. Qd4 Qxd4 40. Nxd4 Rc8 41. Ra8 1-0

[Event "Czech Open Rapid 2019"]
[Site "Pardubice"]
[Date "2019.07.18"]
[Round "4.15"]
[White "Vavra, Pavel"]
[Black "Vorobiov, Evgeny E."]
[Result "0-1"]
[WhiteElo "2325"]
[BlackElo "2572"]
[Annotator "ChessBase"]
[PlyCount "44"]
[EventDate "2019.07.17"]
[EventType "swiss"]
[EventCountry "CZE"]
[SourceTitle "playchess.com"]
[Source "ChessBase"]
[SourceQuality "1"]

1. e3 g6 2. c4 Bg7 3. Nc3 Nf6 4. f4 c5 5. Nf3 Nc6 6. Ne5 Qc7 7. d4 cxd4 8. exd4 O-O 9. Be2 d6 10. Nxc6 bxc6 11. O-O Rb8 12. Kh1 Bf5 13. b3 h5 14. Be3 d5 15. Bd3 e6 16. Bxf5 exf5 17. cxd5 cxd5 18. Qd3 Rfe8 19. Bf2 Rbc8 20. Nb5 Qc2 21. Rad1 Re2 22. Rc1 Qxd3 0-1

[Event "Czech Open Rapid 2019"]
[Site "Pardubice"]
[Date "2019.07.18"]
[Round "4.17"]
[White "Skliarov, Viktor"]
[Black "Stocek, Jiri"]
[Result "1-0"]
[WhiteElo "2309"]
[BlackElo "2539"]
[Annotator "TA"]
[PlyCount "91"]
[EventDate "2019.07.17"]
[EventType "swiss"]
[EventCountry "CZE"]
[SourceTitle "playchess.com"]
[Source "ChessBase"]
[SourceQuality "1"]

1. e4 c5 2. Nf3 e6 3. d4 cxd4 4. Nxd4 Nc6 5. Nc3 d6 6. Be2 Nf6 7. O-O Be7 8. Be3 O-O 9. Kh1 Bd7 10. f4 Rc8 11. Nxc6 Bxc6 12. Bd3 Qa5 13. Qf3 g6 14. Qh3 Qb4 15. Rab1 d5 16. e5 Ne4 17. a3 Qa5 18. Bxe4 dxe4 19. Qg3 Bb5 20. Rfe1 Rfd8 21. Qf2 Bc6 22. Bxa7 Bh4 23. Qe3 Bxe1 24. Rxe1 Rd7 25. Bb6 Qa6 26. h3 Bd5 27. Kh2 Rc6 28. Bc5 Qa5 29. b4 Qd8 30. Na4 b5 31. Nc3 Qb8 32. Ne2 Rc8 33. Nd4 Qb7 34. Ne2 Rdd8 35. Nd4 Ra8 36. f5 Qb8 37. Qg3 exf5 38. Nxf5 Re8 39. Ne7+ Rxe7 40. Bxe7 Qa7 41. Qh4 h5 42. Bf6 Qxa3 43. Qg5 Kh7 44. e6 Qxb4 45. Qxd5 Qxe1 46. Qxa8 1-0

[Event "Czech Open Rapid 2019"]
[Site "Pardubice"]
[Date "2019.07.18"]
[Round "4.18"]
[White "Votava, Jan"]
[Black "Frolov, Artur"]
[Result "1/2-1/2"]
[WhiteElo "2521"]
[BlackElo "2338"]
[Annotator "ChessBase"]
[PlyCount "41"]
[EventDate "2019.07.17"]
[EventType "swiss"]
[EventCountry "CZE"]
[SourceTitle "playchess.com"]
[Source "ChessBase"]
[SourceQuality "1"]

1. d4 Nf6 2. c4 c5 3. d5 e5 4. Nc3 d6 5. e4 g6 6. g3 h5 7. h4 Bh6 8. Bxh6 Rxh6 9. Qd2 Rh8 10. Bh3 Bxh3 11. Nxh3 a6 12. Ng5 Nbd7 13. a4 Nh7 14. Kd1 Nxg5 15. hxg5 f6 16. gxf6 Qxf6 17. Kc2 O-O-O 18. Raf1 h4 19. gxh4 Rxh4 20. Rxh4 Qxh4 21. f3 1/2-1/2

[Event "Czech Open Rapid 2019"]
[Site "Pardubice"]
[Date "2019.07.18"]
[Round "4.19"]
[White "Valderrama Quiceno, Esteban Alb"]
[Black "Jirovsky, Pavel"]
[Result "1-0"]
[WhiteElo "2481"]
[BlackElo "2332"]
[Annotator "TA"]
[PlyCount "81"]
[EventDate "2019.07.17"]
[EventType "swiss"]
[EventCountry "CZE"]
[SourceTitle "playchess.com"]
[Source "ChessBase"]
[SourceQuality "1"]

1. Nf3 c5 2. c4 Nc6 3. d4 cxd4 4. Nxd4 g6 5. Nc2 Bg7 6. e4 Nf6 7. Nc3 O-O 8. Be2 d6 9. O-O Be6 10. b3 a6 11. Rb1 Rc8 12. Kh1 Nd7 13. Nd5 f5 14. exf5 Bxf5 15. Nde3 Be6 16. Bb2 Nf6 17. f4 Qa5 18. a3 b5 19. b4 Qb6 20. cxb5 axb5 21. f5 Bf7 22. fxg6 Bxg6 23. Nf5 Bxf5 24. Rxf5 e6 25. Rxb5 Qc7 26. Bf3 Rf7 27. Nd4 Nxd4 28. Bxd4 Qc4 29. Rg5 e5 30. Bg1 e4 31. Be2 Qe6 32. Rg3 Kh8 33. b5 d5 34. a4 Ra8 35. b6 Nd7 36. b7 Rd8 37. Bg4 Qd6 38. Bxd7 Rfxd7 39. Bd4 Be5 40. Rg5 Bf6 41. b8=Q 1-0

[Event "Czech Open Rapid 2019"]
[Site "Pardubice"]
[Date "2019.07.18"]
[Round "4.20"]
[White "Lalic, Bogdan"]
[Black "Vittorino, Carlo Giovanni"]
[Result "1/2-1/2"]
[WhiteElo "2479"]
[BlackElo "2282"]
[Annotator "TA"]
[PlyCount "93"]
[EventDate "2019.07.17"]
[EventType "swiss"]
[EventCountry "CZE"]
[SourceTitle "playchess.com"]
[Source "ChessBase"]
[SourceQuality "1"]

1. c4 e6 2. Nc3 d5 3. d4 Be7 4. cxd5 exd5 5. Bf4 c6 6. e3 Bf5 7. Nge2 Nf6 8. Ng3 Bg6 9. h4 h6 10. h5 Bh7 11. Bd3 Bxd3 12. Qxd3 Na6 13. O-O-O Qd7 14. Kb1 O-O 15. Ka1 Bd6 16. Bxd6 Qxd6 17. Nf5 Qe6 18. f3 Ne8 19. Ne2 Nd6 20. Neg3 Nb4 21. Qb1 Nc4 22. Rhe1 Rfe8 23. Re2 a5 24. b3 Nd6 25. Nxd6 Qxd6 26. Nf5 Qf6 27. a3 a4 28. g4 axb3 29. Qxb3 c5 30. Kb1 Nc6 31. dxc5 Ne5 32. Rxd5 Nxf3 33. Qb2 Ne5 34. Rf2 Nxg4 35. Rg2 Qxb2+ 36. Kxb2 Nxe3 37. Rxg7+ Kh8 38. Rd7 Nxf5 39. Rgxf7 Re2+ 40. Kb3 Re3+ 41. Kc4 Re4+ 42. Kd3 Re3+ 43. Kc4 Re4+ 44. Kd3 Re3+ 45. Kc4 Re4+ 46. Kd3 Rf4 47. a4 1/2-1/2

[Event "Czech Open Rapid 2019"]
[Site "Pardubice"]
[Date "2019.07.18"]
[Round "4.21"]
[White "Manik, Mikulas"]
[Black "Myshakov, Fyodor"]
[Result "0-1"]
[WhiteElo "2458"]
[BlackElo "2282"]
[Annotator "ChessBase"]
[PlyCount "94"]
[EventDate "2019.07.17"]
[EventType "swiss"]
[EventCountry "CZE"]
[SourceTitle "playchess.com"]
[Source "ChessBase"]
[SourceQuality "1"]

1. e4 c6 2. d4 d5 3. e5 Bf5 4. Be3 e6 5. c4 Bb4+ 6. Nc3 Ne7 7. a3 Ba5 8. Nf3 O-O 9. Be2 dxc4 10. Bxc4 Nd7 11. O-O Nb6 12. Be2 Nbd5 13. Bd2 Bb6 14. h3 h6 15. Rc1 Rc8 16. b4 Nxc3 17. Bxc3 Nd5 18. Bd2 Qe7 19. Re1 Rfd8 20. Bf1 Rc7 21. Qb3 Rcd7 22. g4 Bg6 23. Bg2 Nc7 24. a4 Bxd4 25. Nxd4 Rxd4 26. Bc3 Rd3 27. Bf1 R3d7 28. b5 c5 29. a5 b6 30. axb6 axb6 31. Bg2 Nd5 32. Bd2 Ra7 33. Ra1 Qc7 34. Rxa7 Qxa7 35. f4 Nc7 36. Be3 Rd3 37. Qb2 Qa3 38. Qf2 Qb3 39. Kh2 Nd5 40. Bc1 Rd1 41. Rf1 Rxf1 42. Qxf1 Bd3 43. Qe1 Qxb5 44. f5 Qb4 45. Qg3 Be4 46. Bf1 Qc3 47. Bf4 Qxg3+ 0-1

[Event "Czech Open Rapid 2019"]
[Site "Pardubice"]
[Date "2019.07.18"]
[Round "4.21"]
[White "Eliseev, Sergey"]
[Black "Vokoun, Jan"]
[Result "0-1"]
[WhiteElo "2053"]
[BlackElo "2072"]
[Annotator "NA RC"]
[PlyCount "106"]
[EventDate "2019.07.17"]
[EventType "swiss"]
[EventCountry "CZE"]
[SourceTitle "playchess.com"]
[Source "ChessBase"]
[SourceQuality "1"]

1. e4 d6 2. d4 Nf6 3. Nc3 e5 4. Nf3 Nbd7 5. Bc4 Be7 6. O-O c6 7. h3 b5 8. Bd3 Bb7 9. Re1 O-O 10. b3 Re8 11. dxe5 dxe5 12. Bb2 Qc7 13. a4 a6 14. Ne2 g6 15. Ng3 Rad8 16. Ra2 Bd6 17. Qa1 Nc5 18. Bf1 Nfd7 19. Bc3 Qb8 20. Qc1 f6 21. h4 Ne6 22. h5 Bf8 23. Nh4 Kg7 24. hxg6 hxg6 25. Bd2 Kf7 26. Be2 Bg7 27. Bh6 Rh8 28. Bxg7 Kxg7 29. Nhf5+ gxf5 30. exf5 Nf4 31. Qa3 Rde8 32. Rd1 Qc7 33. Bf3 Nb6 34. Qc5 Rd8 35. Raa1 Nbd5 36. c4 bxc4 37. bxc4 Qb6 38. Qxb6 Nxb6 39. Rdb1 Nxc4 40. Rxb7+ Kh6 41. Rc1 Nd6 42. Rb6 e4 43. Nxe4 Nxe4 44. Rbxc6 Nd2 45. Rxf6+ Kg5 46. Rxa6 Nxf3+ 47. gxf3 Ne2+ 48. Kf1 Nxc1 49. a5 Rd1+ 50. Kg2 Ne2 51. f4+ Kxf4 52. f3 Rg1+ 53. Kf2 Rh2# 0-1

[Event "Czech Open Rapid 2019"]
[Site "Pardubice"]
[Date "2019.07.18"]
[Round "4.22"]
[White "Jirka, Jiri"]
[Black "Rytenko, Vsevolod"]
[Result "0-1"]
[WhiteElo "2447"]
[BlackElo "2268"]
[Annotator "TA"]
[PlyCount "128"]
[EventDate "2019.07.17"]
[EventType "swiss"]
[EventCountry "CZE"]
[SourceTitle "playchess.com"]
[Source "ChessBase"]
[SourceQuality "1"]

1. d4 g6 2. c4 Bg7 3. g3 c5 4. d5 d6 5. Bg2 b5 6. cxb5 a6 7. bxa6 Bxa6 8. Nf3 Nf6 9. Nc3 O-O 10. O-O Qa5 11. Bd2 Nbd7 12. Qc2 Rfb8 13. Rfd1 Ng4 14. h3 Nge5 15. Nxe5 Nxe5 16. b3 c4 17. Rab1 Qa3 18. Bc1 Qb4 19. Bd2 Qa3 20. Qc1 Qc5 21. Ne4 Qc8 22. b4 Bb5 23. Nc3 Nd7 24. Qc2 Ra3 25. Nxb5 Rxb5 26. Bc1 Ra8 27. a4 Rbb8 28. Bg5 Kf8 29. Be3 c3 30. Be4 Nb6 31. Bxb6 Rxb6 32. a5 Rbb8 33. Kh2 h5 34. Bd3 h4 35. g4 Rxb4 36. Rxb4 Qc5 37. Rbb1 Qxf2+ 38. Kh1 Qe3 39. Be4 Qxh3+ 40. Kg1 Qxg4+ 41. Kf1 h3 42. Bf3 Qg3 43. Qe4 f5 44. Qd3 Be5 45. e4 c2 46. Qxc2 Qxf3+ 47. Qf2 Qxe4 48. Re1 Qh1+ 49. Ke2 Qg2 50. Qxg2 hxg2 51. Rg1 Rxa5 52. Rxg2 Kf7 53. Rd1 Kf6 54. Rgg1 g5 55. Rh1 Ra2+ 56. Rd2 Rxd2+ 57. Kxd2 g4 58. Rh7 f4 59. Kd3 g3 60. Ke2 g2 61. Kf2 f3 62. Rh6+ Kg5 63. Rh3 Bd4+ 64. Kxf3 g1=Q 0-1

[Event "Czech Open Rapid 2019"]
[Site "Pardubice"]
[Date "2019.07.18"]
[Round "4.22"]
[White "Rohan Bharat Joshi"]
[Black "Zpevakova, Jana"]
[Result "1-0"]
[WhiteElo "1901"]
[BlackElo "2109"]
[Annotator "TA"]
[PlyCount "65"]
[EventDate "2019.07.17"]
[EventType "swiss"]
[EventCountry "CZE"]
[SourceTitle "playchess.com"]
[Source "ChessBase"]
[SourceQuality "1"]

1. e4 c6 2. c4 e5 3. Nf3 Qc7 4. Nc3 Nf6 5. Be2 Bb4 6. Qc2 O-O 7. O-O Nh5 8. a3 Be7 9. d4 d6 10. d5 g6 11. Ne1 Nf4 12. Bxf4 exf4 13. Nd3 Bg5 14. g3 Bh3 15. Rfe1 fxg3 16. hxg3 Na6 17. Kh2 Bd7 18. f4 Bf6 19. e5 dxe5 20. d6 Qxd6 21. Ne4 Qe7 22. Nxf6+ Qxf6 23. fxe5 Qe7 24. Rad1 Bf5 25. Qc3 Rad8 26. b4 Nc7 27. Nf2 Rxd1 28. Bxd1 Rd8 29. Qe3 a6 30. Qh6 a5 31. g4 Be6 32. Ne4 Qf8 33. Nf6+ 1-0

[Event "Czech Open Rapid 2019"]
[Site "Pardubice"]
[Date "2019.07.18"]
[Round "4.23"]
[White "Retinsky, Vladimir"]
[Black "Nikologorsky, Matfei"]
[Result "0-1"]
[WhiteElo "2343"]
[BlackElo "2148"]
[Annotator "TA"]
[PlyCount "91"]
[EventDate "2019.07.17"]
[EventType "swiss"]
[EventCountry "CZE"]
[SourceTitle "playchess.com"]
[Source "ChessBase"]
[SourceQuality "1"]

1. d4 Nf6 2. Nf3 g6 3. Bf4 Bg7 4. e3 O-O 5. Be2 d5 6. O-O c5 7. c3 Qb6 8. Qb3 Nc6 9. Qxb6 axb6 10. Na3 c4 11. h3 Ne4 12. Rfc1 f6 13. Nb5 Ra5 14. Na3 e5 15. Bh2 b5 16. Nc2 Be6 17. a3 Ra7 18. Rd1 Rd8 19. dxe5 fxe5 20. Nb4 Nxb4 21. axb4 Rda8 22. Rxa7 Rxa7 23. Nxe5 Ra2 24. f3 Nd6 25. Rd2 Nf7 26. f4 Nd6 27. Bf3 Ne4 28. Bxe4 dxe4 29. Bg3 Bf6 30. Rd6 Bxe5 31. fxe5 Kf7 32. Rb6 Rxb2 33. Rxb7+ Kf8 34. Rxb5 Rc2 35. Rb8+ Kf7 36. Be1 Re2 37. Kf1 Rxe3 38. Rb7+ Kg8 39. b5 Rd3 40. b6 Rd5 41. Re7 Rxe5 42. b7 Rf5+ 43. Ke2 Kf8 44. Rxe6 Rb5 45. Rxe4 Rxb7 46. Rxc4 0-1

[Event "Czech Open Rapid 2019"]
[Site "Pardubice"]
[Date "2019.07.18"]
[Round "4.23"]
[White "Ibrahim, Emad Eldin"]
[Black "Jun, Rudolf Jr."]
[Result "1-0"]
[WhiteElo "2042"]
[BlackElo "2200"]
[Annotator "TA"]
[PlyCount "100"]
[EventDate "2019.07.17"]
[EventType "swiss"]
[EventCountry "CZE"]
[SourceTitle "playchess.com"]
[Source "ChessBase"]
[SourceQuality "1"]

1. e4 c5 2. Nf3 Nc6 3. c3 d5 4. exd5 Qxd5 5. d4 cxd4 6. cxd4 e5 7. Nc3 Bb4 8. Bd2 Bxc3 9. Bxc3 e4 10. Ne5 Nxe5 11. dxe5 Qxd1+ 12. Rxd1 a6 13. Be2 Be6 14. Rd4 Bf5 15. g4 Bg6 16. h4 h6 17. h5 Bh7 18. Rb4 b5 19. a4 bxa4 20. Rxa4 Rb8 21. Rxa6 e3 22. fxe3 Be4 23. Rf1 Ne7 24. Ra7 Bd5 25. e4 Be6 26. Kf2 Nc6 27. Ra6 Ne7 28. Kg3 O-O 29. Rd1 Rfc8 30. Rdd6 Rb3 31. Rdb6 Rxb6 32. Rxb6 Nc6 33. Ba6 Rc7 34. Bb5 Na7 35. Rb8+ Kh7 36. Ba4 Nc8 37. Kf4 Ne7 38. Bb3 g5+ 39. hxg6+ Nxg6+ 40. Kf3 Bc8 41. Bd5 Ba6 42. Rb6 Bd3 43. Ke3 Bc2 44. Rc6 Re7 45. Bb4 Rb7 46. Bc3 Re7 47. Rf6 Kg7 48. e6 fxe6 49. Rxe6+ Kf7 50. Rc6+ Ke8 1-0

[Event "Czech Open Rapid 2019"]
[Site "Pardubice"]
[Date "2019.07.18"]
[Round "4.24"]
[White "Hagarova, Zuzana"]
[Black "Krouzel, Jaroslav"]
[Result "1/2-1/2"]
[WhiteElo "2326"]
[BlackElo "2114"]
[Annotator "TA"]
[PlyCount "93"]
[EventDate "2019.07.17"]
[EventType "swiss"]
[EventCountry "CZE"]
[SourceTitle "playchess.com"]
[Source "ChessBase"]
[SourceQuality "1"]

1. e4 e6 2. d4 d5 3. Nd2 Nc6 4. Ngf3 Nf6 5. e5 Nd7 6. Bd3 Nb4 7. Be2 c5 8. O-O cxd4 9. Nb3 Be7 10. Nbxd4 O-O 11. Re1 Nc5 12. Bf1 Bd7 13. g3 Rc8 14. h4 Nc6 15. Bf4 Ne4 16. Bd3 Nc5 17. c3 Nxd3 18. Qxd3 Nxd4 19. cxd4 Qb6 20. Ng5 Bxg5 21. hxg5 Rc4 22. Be3 Rfc8 23. Kg2 Qxb2 24. Reb1 Qc2 25. Qxc2 Rxc2 26. Rxb7 R2c7 27. Rab1 g6 28. Bd2 a6 29. Rxc7 Rxc7 30. Rb8+ Kg7 31. Bb4 Rc8 32. Rb7 Bb5 33. Be7 h6 34. Bf6+ Kg8 35. gxh6 Bd3 36. h7+ Kxh7 37. Rxf7+ Kh6 38. g4 g5 39. Re7 Be4+ 40. f3 Rc2+ 41. Kg3 Rc3 42. Bg7+ Kg6 43. Bf6 Rxf3+ 44. Kh2 Rf2+ 45. Kh3 Rf3+ 46. Kh2 Rf2+ 47. Kh3 1/2-1/2

[Event "Czech Open Rapid 2019"]
[Site "Pardubice"]
[Date "2019.07.18"]
[Round "4.24"]
[White "Dev, Shah"]
[Black "Tarakanov, Oleg"]
[Result "1-0"]
[WhiteElo "2147"]
[BlackElo "2118"]
[Annotator "TA"]
[PlyCount "47"]
[EventDate "2019.07.17"]
[EventType "swiss"]
[EventCountry "CZE"]
[SourceTitle "playchess.com"]
[Source "ChessBase"]
[SourceQuality "1"]

1. d4 d5 2. c4 c6 3. Nc3 Nf6 4. Nf3 Bf5 5. cxd5 cxd5 6. Qb3 Qb6 7. Nxd5 Nxd5 8. Qxd5 e6 9. Qb3 Nc6 10. Bd2 Bb4 11. e3 O-O 12. a3 Bxd2+ 13. Nxd2 Rfd8 14. Qxb6 axb6 15. Rc1 e5 16. e4 Bg6 17. d5 Nd4 18. Bd3 f5 19. f3 b5 20. Kf2 fxe4 21. fxe4 b4 22. axb4 Ra2 23. Rb1 Rxd5 24. Bc4 1-0

[Event "Czech Open Rapid 2019"]
[Site "Pardubice"]
[Date "2019.07.18"]
[Round "4.25"]
[White "Chudinovskikh, Alexander M"]
[Black "Novotny, Michal"]
[Result "0-1"]
[WhiteElo "2212"]
[BlackElo "2326"]
[Annotator "TA"]
[PlyCount "92"]
[EventDate "2019.07.17"]
[EventType "swiss"]
[EventCountry "CZE"]
[SourceTitle "playchess.com"]
[Source "ChessBase"]
[SourceQuality "1"]

1. e4 e6 2. d4 d5 3. Nc3 Bb4 4. e5 c5 5. a3 Ba5 6. b4 cxd4 7. bxa5 dxc3 8. Qg4 Kf8 9. Bd3 Nd7 10. Nf3 Nc5 11. O-O Nxd3 12. cxd3 Ne7 13. a4 Nf5 14. Qb4+ Kg8 15. Qxc3 h6 16. Ba3 Bd7 17. Rfc1 Bc6 18. Nd4 Nxd4 19. Qxd4 a6 20. Qb6 Qh4 21. d4 Kh7 22. Rc3 Rhc8 23. Rf3 Kg8 24. Qb4 Rab8 25. Re1 Bd7 26. Rh3 Qd8 27. Rg3 Rc2 28. Bc1 Kh8 29. h3 Rbc8 30. Be3 Bc6 31. Kh2 Qf8 32. Qb6 Rc4 33. Qb2 Qb4 34. Qe2 Bxa4 35. Qg4 Qf8 36. Qh5 Bc2 37. h4 Bg6 38. Qg4 Bf5 39. Qf3 Rc3 40. h5 Qe7 41. Qf4 Rd3 42. Rg1 Rcc3 43. Rf3 Kg8 44. g4 Be4 45. Rfg3 Rxe3 46. fxe3 Qh4+ 0-1

[Event "Czech Open Rapid 2019"]
[Site "Pardubice"]
[Date "2019.07.18"]
[Round "4.25"]
[White "Odler, Daniel"]
[Black "Effenberger, Adam"]
[Result "1-0"]
[WhiteElo "2047"]
[BlackElo "1797"]
[Annotator "NA RC"]
[PlyCount "79"]
[EventDate "2019.07.17"]
[EventType "swiss"]
[EventCountry "CZE"]
[SourceTitle "playchess.com"]
[Source "ChessBase"]
[SourceQuality "1"]

1. d4 c5 2. Nf3 cxd4 3. Nxd4 d5 4. c3 Nf6 5. g3 e5 6. Nc2 Nc6 7. Bg2 Be6 8. O-O Bc5 9. Bg5 O-O 10. Nd2 h6 11. Bxf6 Qxf6 12. Nb3 Bb6 13. Bxd5 Rfd8 14. e4 Bh3 15. Qe2 Bxf1 16. Rxf1 Rd7 17. Ne3 Bxe3 18. Qxe3 Ne7 19. c4 Nxd5 20. exd5 Qa6 21. Nc5 Qd6 22. Nxd7 Qxd7 23. Qxe5 Re8 24. Qd4 Qa4 25. d6 Qxa2 26. d7 Rd8 27. Re1 Qa4 28. Re7 Qc6 29. h4 Kf8 30. Qe5 f6 31. Qe3 Rxd7 32. Rxd7 Qxd7 33. Qxa7 Qe7 34. Qe3 Qb4 35. Qa3 Qxa3 36. bxa3 Ke7 37. Kf1 Kd6 38. Ke2 Kc5 39. Kd3 f5 40. h5 1-0

[Event "Czech Open Rapid 2019"]
[Site "Pardubice"]
[Date "2019.07.18"]
[Round "4.26"]
[White "Grigorii, Ter-Saakian"]
[Black "Shcherbin, Matvei"]
[Result "1-0"]
[WhiteElo "2178"]
[BlackElo "2321"]
[Annotator "TA"]
[PlyCount "87"]
[EventDate "2019.07.17"]
[EventType "swiss"]
[EventCountry "CZE"]
[SourceTitle "playchess.com"]
[Source "ChessBase"]
[SourceQuality "1"]

1. e4 c5 2. a3 e6 3. b4 d5 4. e5 Ne7 5. f4 Ng6 6. d4 cxd4 7. Nf3 Be7 8. Bd3 Nc6 9. O-O O-O 10. Kh1 f5 11. Qd2 Qb6 12. Qf2 Bd7 13. g3 Rfc8 14. Bb2 Nf8 15. Nbd2 a6 16. Nb3 Qd8 17. Nbxd4 b5 18. Nxc6 Bxc6 19. Nd4 Qb6 20. Nxf5 Qxf2 21. Nxe7+ Kf7 22. Rxf2 Kxe7 23. Bd4 g6 24. g4 Nd7 25. f5 Rf8 26. Raf1 gxf5 27. gxf5 h6 28. f6+ Kf7 29. Be2 Rg8 30. Bh5+ Kf8 31. Rg1 Rxg1+ 32. Kxg1 Kg8 33. Rg2+ Kh8 34. Kf2 Rg8 35. Rg6 Rxg6 36. Bxg6 Nf8 37. Bf7 Bd7 38. h4 Kh7 39. h5 Kh8 40. Be3 Bc8 41. Bxh6 Nd7 42. Bg7+ Kh7 43. Bg6+ Kg8 44. h6 1-0

[Event "Czech Open Rapid 2019"]
[Site "Pardubice"]
[Date "2019.07.18"]
[Round "4.27"]
[White "Rosko, Lubos"]
[Black "Trasak, Ondrej"]
[Result "0-1"]
[WhiteElo "2309"]
[BlackElo "1978"]
[Annotator "TA"]
[PlyCount "108"]
[EventDate "2019.07.17"]
[EventType "swiss"]
[EventCountry "CZE"]
[SourceTitle "playchess.com"]
[Source "ChessBase"]
[SourceQuality "1"]

1. d4 d5 2. c4 c6 3. cxd5 cxd5 4. Nc3 Nc6 5. Nf3 Nf6 6. Bf4 a6 7. e3 Bf5 8. Nh4 Bg4 9. f3 Be6 10. Bd3 g6 11. O-O Bg7 12. Na4 Nh5 13. Bg3 Nxg3 14. hxg3 O-O 15. Rc1 Rc8 16. f4 Nb4 17. Rxc8 Qxc8 18. Bb1 Bg4 19. Qd2 Nc6 20. Nf3 Bf5 21. Nc3 Bxb1 22. Rxb1 Qf5 23. Rc1 Rc8 24. Na4 Rc7 25. Nc5 Qc8 26. Nd3 Nd8 27. Kf2 Rxc1 28. Qxc1 Qxc1 29. Nxc1 e6 30. Nd3 b6 31. g4 Bf8 32. g5 Nc6 33. Nfe5 Nb4 34. Nc1 Bd6 35. Ng4 Be7 36. Ke2 Kg7 37. a3 Nc6 38. Nd3 f6 39. gxf6+ Bxf6 40. b4 h5 41. Ngf2 Kf7 42. Nd1 Be7 43. N1b2 b5 44. Nc5 Bxc5 45. dxc5 e5 46. Nd3 e4 47. Nf2 Kf6 48. Nh3 Kf5 49. Ng5 d4 50. exd4 Nxd4+ 51. Ke3 Nc2+ 52. Kd2 Nxa3 53. c6 Nc4+ 54. Kc3 Kxf4 0-1